| 000 | 01587nam a2200373 a 4500 | ||
|---|---|---|---|
| 001 | ebr10014903 | ||
| 003 | CaPaEBR | ||
| 006 | m u | ||
| 007 | cr cn||||||||| | ||
| 008 | 001211s2001 enka sb 001 0 eng | ||
| 010 | _z 00068945 | ||
| 020 | _z0521560268 (hbk.) | ||
| 040 |
_aCaPaEBR _cCaPaEBR |
||
| 035 | _a(OCoLC)56761549 | ||
| 050 | 1 | 4 |
_aPS1992.C67 _bG54 2001eb |
| 082 | 0 | 4 |
_a818/.309 _221 |
| 100 | 1 |
_aGibian, Peter, _d1952- |
|
| 245 | 1 | 0 |
_aOliver Wendell Holmes and the culture of conversation _h[electronic resource] / _cPeter Gibian. |
| 260 |
_aCambridge ; _aNew York : _bCambridge University Press, _c2001. |
||
| 300 |
_axi, 398 p. : _bill. |
||
| 490 | 1 | _aCambridge studies in American literature and culture | |
| 504 | _aIncludes bibliographical references and index. | ||
| 533 |
_aElectronic reproduction. _bPalo Alto, Calif. : _cebrary, _d2013. _nAvailable via World Wide Web. _nAccess may be limited to ebrary affiliated libraries. |
||
| 600 | 1 | 0 |
_aHolmes, Oliver Wendell, _d1809-1894 _xCriticism and interpretation. |
| 650 | 0 |
_aLiterature and society _zUnited States _xHistory _y19th century. |
|
| 650 | 0 |
_aConversation _xHistory _y19th century. |
|
| 650 | 0 |
_aTable-talk _xHistory _y19th century. |
|
| 650 | 0 | _aConversation in literature. | |
| 650 | 0 | _aDialogue in literature. | |
| 655 | 7 |
_aElectronic books. _2local |
|
| 710 | 2 | _aebrary, Inc. | |
| 830 | 0 | _aCambridge studies in American literature and culture. | |
| 856 | 4 | 0 |
_uhttp://site.ebrary.com/lib/rucke/Doc?id=10014903 _zAn electronic book accessible through the World Wide Web; click to view |
| 999 |
_c26783 _d26783 |
||